Etapy úverového procesu bakalárska práca

Guardado en:
Detalles Bibliográficos
Autor principal: Zahradníková, Andrea
Autor Corporativo: Národohospodárska fakulta EU. Katedra bankovníctva a medzinárodných financií
Otros Autores: Dudáková, Nina
Formato: Libro
Lenguaje:eslovaco
Publicado: Bratislava 2011
Etiquetas: Agregar Etiqueta
Sin Etiquetas, Sea el primero en etiquetar este registro!

MARC

LEADER 00000nam a2200000 4500
001 0155069
005 20240320072017.4
041 0 |a slo 
044 |a SK 
245 1 0 |a Etapy úverového procesu  |b bakalárska práca  |c Andrea Zahradníková ; školiteľ: Nina Dudáková 
264 1 |a Bratislava  |c 2011 
300 |a 46 s. 
100 1 |a Zahradníková, Andrea 
700 1 |a Dudáková, Nina 
710 2 |a Národohospodárska fakulta EU. Katedra bankovníctva a medzinárodných financií